000 00506nam a22001455i 4500
001 174929
003 ES-MaACL
005 20230906215710.0
008 100714s1913 sp |||| | spa d
245 0 3 _aLa Exposición Nacional de Panamá y la Sociedad Española de Beneficencia de Panamá.
260 _aMadrid :
_b[s.n.],
_c1913 (
_fImp. de los hijos de M. G. Hernández)
300 _a15 p. ;
_c23 cm.
611 2 _aExposición Nacional de Panamá.
_d1913-1914)
_9143223
852 _aES-MaACL
_jT-1394-F-7
999 _c174929
_d174929